Jane Eyre / (Record no. 8956)

MARC details
000 -LEADER
fixed length control field 02010cam a2200481 i 4500
001 - CONTROL NUMBER
control field 19574203
003 - CONTROL NUMBER IDENTIFIER
control field LIBRIS
005 - DATE AND TIME OF LATEST TRANSACTION
control field 20260604105445.0
008 - FIXED-LENGTH DATA ELEMENTS--GENERAL INFORMATION
fixed length control field 160719s2006 enk||||||b||||000 f|eng|c
020 ## - INTERNATIONAL STANDARD BOOK NUMBER
International Standard Book Number 9780141441146
Qualifying information (pbk.)
020 ## - INTERNATIONAL STANDARD BOOK NUMBER
International Standard Book Number 0141441143
Qualifying information (pbk.)
020 ## - INTERNATIONAL STANDARD BOOK NUMBER
International Standard Book Number 9780141029085
020 ## - INTERNATIONAL STANDARD BOOK NUMBER
International Standard Book Number 0141029080
035 ## - SYSTEM CONTROL NUMBER
System control number (OCoLC)ocn951110029
040 ## - CATALOGING SOURCE
Original cataloging agency DGU
Language of cataloging eng
Transcribing agency DGU
Modifying agency OCLCO
-- AU@
-- YDXCP
-- OCLCF
-- NKADP
-- OCLCO
-- OCL
-- OCLCO
-- H
Description conventions i
-- rda
041 ## - LANGUAGE CODE
Language code of text/sound track or separate title eng
042 ## - AUTHENTICATION CODE
Authentication code pcc
043 ## - GEOGRAPHIC AREA CODE
Geographic area code e-uk-en
050 #4 - LIBRARY OF CONGRESS CALL NUMBER
Classification number PR4167
082 04 - DEWEY DECIMAL CLASSIFICATION NUMBER
Classification number 823.8 B869 2006
Edition number 22
100 1# - MAIN ENTRY--PERSONAL NAME
Personal name Bront�, Charlotte,
Dates associated with a name 1816-1855
Relationship aut
Authority record control number or standard number https://libris.kb.se/wt7992nf0rrw16c#it
245 10 - TITLE STATEMENT
Title Jane Eyre /
Statement of responsibility, etc. Charlotte Bront� ; edited with an introduction and notes by Stevie Davies.
264 #1 - PRODUCTION, PUBLICATION, DISTRIBUTION, MANUFACTURE, AND COPYRIGHT NOTICE
Place of production, publication, distribution, manufacture [London] ;
-- [New York] :
Name of producer, publisher, distributor, manufacturer Penguin Books,
Date of production, publication, distribution, manufacture, or copyright notice 2006
300 ## - PHYSICAL DESCRIPTION
Extent xxxiv, 589 pages
Dimensions 20 cm.
336 ## - CONTENT TYPE
Content type term Text
Content type code txt
Source rdacontent
337 ## - MEDIA TYPE
Media type term Omedierad resurs
Media type code n
Source rdamedia
338 ## - CARRIER TYPE
Carrier type term Volym
Carrier type code nc
Source rdacarrier
490 1# - SERIES STATEMENT
Series statement Penguin classics
504 ## - BIBLIOGRAPHY, ETC. NOTE
Bibliography, etc. note Includes bibliographical references (pages 527-531).
520 ## - SUMMARY, ETC.
Summary, etc. Jane, a plain and penniless orphan in nineteenth-century England, accepts employment as a governess at Thornfield Hall and soon finds herself in love with her melancholy employer, Mr. Edward Rochester, a man with a terrible secret.
648 #7 - SUBJECT ADDED ENTRY--CHRONOLOGICAL TERM
Chronological term 1800-talet
Authority record control number or standard number https://id.kb.se/term/sao/1800-talet
Source of heading or term sao
650 #7 - SUBJECT ADDED ENTRY--TOPICAL TERM
Topical term or geographic name entry element Guvernanter
Authority record control number or standard number https://id.kb.se/term/sao/Guvernanter
Source of heading or term sao
650 #7 - SUBJECT ADDED ENTRY--TOPICAL TERM
Topical term or geographic name entry element Traditioner
Authority record control number or standard number https://id.kb.se/term/sao/Traditioner
Source of heading or term sao
650 #7 - SUBJECT ADDED ENTRY--TOPICAL TERM
Topical term or geographic name entry element Vardagsliv
Authority record control number or standard number https://id.kb.se/term/sao/Vardagsliv
Source of heading or term sao
650 #0 - SUBJECT ADDED ENTRY--TOPICAL TERM
Topical term or geographic name entry element Governesses
Geographic subdivision England
Form subdivision Fiction.
651 #7 - SUBJECT ADDED ENTRY--GEOGRAPHIC NAME
Geographic name England
Source of heading or term sao
651 #0 - SUBJECT ADDED ENTRY--GEOGRAPHIC NAME
Geographic name England
General subdivision Social life and customs
Form subdivision Fiction.
655 #7 - INDEX TERM--GENRE/FORM
Genre/form data or focus term Romaner
Authority record control number or standard number https://id.kb.se/term/saogf/Romaner
Source of term saogf
700 1# - ADDED ENTRY--PERSONAL NAME
Personal name Davies, Stevie
Relationship edt
830 #0 - SERIES ADDED ENTRY--UNIFORM TITLE
Uniform title Penguin classics
887 ## - NON-MARC INFORMATION FIELD
Content of non-MARC field {"@id":"3mfr7djf5p2cjld","modified":"2018-10-30T23:00:00+01:00"}
Source of data librisxl
942 ## - ADDED ENTRY ELEMENTS (KOHA)
Source of classification or shelving scheme Dewey Decimal Classification
Koha item type English Book
Suppress in OPAC No

No items available.